000
00327 a2200157 4500
001
167210
020
_a
040
_c
Magnum
100
_a
Libanio, J. B.
240
1
0
_a
Ideologia e cidadania
_l
por
245
1
0
_a
Ideologia e cidadania
362
0
_a
1899
440
1
_a
Moderna
697
_a
PROBLEMAS SOCIAIS
942
_c
BK
999
_c
167210
_d
167210